00650 2200241 4500001002100000008004100021035002000062245009800082100002000180250002000200260003300220300002100253020002200274084002200296082001600318650002000334990000900354990000900363990000900372990000900381990000900390990000900399INLIS000000000001180 ind  a0010-0425001180 aBerprestasi Tanpa NARKOBAbBuku Pengayaan Kepribadian Tingkat SMA/MA/SMK/MAKcLita Juliantini aLita Juliantini aCetakan Pertama aDepok :bCV ARYA DUTA,c2017 a102 hlm.c25 cm. a978-979-094-198-4 a362.293.122 LIT b a362.293.122 aLita Juliantini a3383 a3384 a3385 a3386 a3387 a3388